000 00957cam a22003017a 4500
003 CHAP
005 20220329141725.0
008 971013s1966 r 00010 d
010 _a72832
011 _a73804
035 _a83362
040 _cCHAP
090 _aTesis
100 0 0 _aCano Cano, Guadalupe Jerónimo.
_918387
245 1 4 _aLas gramíneas de la sierra de la Paila, Coah. Méx.
260 _aMonterrey, N. L. :
_bEl autor,
_c1966
300 _a98 h.
_b: ilus.
502 _aTesis (Biólogo) -- Univ. de Nuevo León. Esc. de Ciencias Biológicas
590 _aALEPH
_b10
_c20130110
_lUCH01
_h1414
590 _aBATCH-UPD
_b10
_c20130110
_lUCH01
_h0154
590 _aBATCH-UPD
_b10
_c20130409
_lUCH01
_h2155
590 _aBATCH-UPD
_b10
_c20130914
_lUCH01
_h0833
590 _aCONVERSION
_b10
_c20130109
_lUCH01
_h1340
650 1 4 _aGramíneas
_xCoahuila.
_950266
901 _aBK
942 _cTESIS
949 _bBC
_cTES
_d-37888
_eTS1
_fc.1
_i83362
_si
999 _c72832
_d72832